=LDR 00000nam 2200000 4500 =001 INLIS000000000022893 =005 20141020131109.0 =006 =007 =008 Ind =035 ##$$0010-061300000022893 =041 ##$$a Ind =082 ##$$a 633.8 =090 ##$$a 633.8, Pri-p =100 ##$$a Prihandana, Rama =245 ##$$a Petunjuk budi daya jarak pagar, Rama Prihandana, Roy Hendroko =260 ##$$a 2006 $b Jakarta =300 ##$$a xii, 78 hlm., ilus., 23 cm =650 ##$$a Jarak pagar-budidaya =850 ##$$a NBPNMAT =990 ##$$a 21601977/BPAP-NTB/2017 =990 ##$$a 88318831 =990 ##$$a 0001/BPAP-NTB/20142014 =990 ##$$a 21601977/BPAP-NTB/2017 =990 ##$$a 01201708831